| 000 | 01209naa a22003017a 4500 | ||
|---|---|---|---|
| 001 | BR6009177 | ||
| 003 | BR-BrBNA | ||
| 005 | 20240918172950.0 | ||
| 007 | ta | ||
| 008 | 230509b bl.||||| |||| 00| 0 por d | ||
| 040 |
_aBR-BrBNA _bpor _cBiblioteca Nacional de Agricultura |
||
| 041 | _a(Pt) | ||
| 072 |
_aE15 _b/G514 |
||
| 090 | _aE15 BR6009177 | ||
| 100 | 1 | _aOliveira, J.G. de | |
| 111 | 1 |
_a2. Reuniao da Sociedade Brasileira de Economistas Rurais _cRio de Janeiro, GB (Brazil) _d22 Nov 1960 |
|
| 245 | 1 | _aProblemas regionais de interesse da economia rural [Rendimento; Credito agricola; Assistencia tecnica; Rio Grande do Sul; Brasil] | |
| 260 | 3 |
_aRio de Janeiro, GB (Brasil): _c1960. |
|
| 500 | _aAnais da 2. Reuniao da Sociedade Brasileira de Economistas Rurais Rio de Janeiro, GB (Brasil): 1960. p. 352-369 (BR6009177-AM)E15 | ||
| 650 | _aMicroeconomia | ||
| 650 | _aEconomia agricola | ||
| 650 | _aProdutividade | ||
| 650 | _aCredito agricola | ||
| 650 | _aRio Grande do Sul | ||
| 773 | 0 |
_tAnais da 2. Reuniao da Sociedade Brasileira de Economistas Rurais _wE15 BR6009177 _gRio de Janeiro, GB (Brasil), 1960. p. 352-369 |
|
| 909 |
_a202404 _bLucia _c55 _dLucia Elande |
||
| 942 |
_cAM _2AGRIS |
||
| 999 |
_c302278 _d302278 |
||